| 000 | 00659nam a2200193 a 4500 | ||
|---|---|---|---|
| 005 | 20251204064022.0 | ||
| 008 | 991125s1982 [me 000 0 spa u | ||
| 035 | _aUPN01000007048 | ||
| 049 | _aSEP | ||
| 050 | 4 |
_aL227 D421.27 _bB2 1982 |
|
| 245 | 0 | 0 |
_aCatálogo de especialidades 1982 : _bChiapas / _cColegio Nacional de Educación Profesional Técnica |
| 260 |
_a[México] : _bCONALEP, _c1982 |
||
| 300 | _a27 p. | ||
| 650 | 4 |
_aEnseñanza técnica _vCatálogos _920996 |
|
| 650 | 4 |
_aEnseñanza técnica _zChiapas _vPlanes y programas _920259 |
|
| 710 | 2 | _aColegio Nacional de Educación Profesional Técnica (México) | |
| 904 |
_aAC _b007048 |
||
| 905 | _aLibro | ||
| 999 |
_c7048 _d7048 |
||